Informatika - tabuľkové procesory

Uložené v:
Podrobná bibliografia
Hlavný autor: Pólya, Attila
Korporativný autor: Ekonomická univerzita v Bratislave. Obchodná fakulta
Ďalší autori: Poláček, Marian, Škvarčeková, Oľga, Žák, Štefan, 1971-, Hečko, Ivan
Médium: Kniha
Jazyk:Slovak
Vydavateľské údaje: Bratislava Vydavateľstvo EKONÓM 2018
Vydanie:1. vydanie
Predmet:
Tagy: Pridať tag
Žiadne tagy, Buďte prvý, kto otaguje tento záznam!

MARC

LEADER 00000nam a2200000 4500
001 0248708
005 20240502073958.3
020 |a 978-80-225-4533-4 
041 0 |a slo 
044 |a SK 
245 1 0 |a Informatika - tabuľkové procesory  |c Attila Pólya, Marian Poláček, Oľga Škvarčeková ; recenzenti: Štefan Žák, Ivan Hečko 
250 |a 1. vydanie 
264 1 |a Bratislava  |b Vydavateľstvo EKONÓM  |c 2018 
300 |a 178 s. [8,74 AH]  |e 1 CD-ROM 
610 2 0 |a informatika 
610 2 0 |a procesory tabuľkové 
610 2 0 |a funkcie matematické 
610 2 0 |a analýza dát 
610 2 0 |a programy počítačové 
100 1 |a Pólya, Attila 
700 1 |a Poláček, Marian 
700 1 |a Škvarčeková, Oľga 
700 1 |a Žák, Štefan, 1971- 
700 1 |a Hečko, Ivan 
710 2 |a Ekonomická univerzita v Bratislave. Obchodná fakulta